Green light to extend key worker programme (Record no. 117516)

MARC details
000 -LEADER
fixed length control field 01240cam a2200205 4500
001 - CONTROL NUMBER
control field WB4023-12
008 - FIXED-LENGTH DATA ELEMENTS--GENERAL INFORMATION
fixed length control field 040615n2004 000 0 eng u
035 ## - SYSTEM CONTROL NUMBER
System control number (Sirsi) u126478
245 ## - TITLE STATEMENT
Title Green light to extend key worker programme
260 ## - PUBLICATION, DISTRIBUTION, ETC.
Date of publication, distribution, etc. 2004
490 ## - SERIES STATEMENT
Series statement Inside Housing
Volume/sequential designation 11 June 2004, 3(1)
520 ## - SUMMARY, ETC.
Summary, etc. ODPM is launching a consultation that could extend the Key Worker Living programme to housing hot spots outside the southeast of England. ODPM has published new guidance on preparing next year's regional housing strategies which encourages housing boards to identify groups of workers outside of those identified as key workers under the Key Worker Living scheme."Regional housing strategies and recommendations for housing capital allocations" is available on the ODPM website http://www.odpm.gov.uk/stellent/groups/odpm_housin g/documents/page/odpm_house_029019.hcsp. Information on the Key Worker Living programme is available at http://www.odpm.gov.uk/stellent/groups/odpm_housin g/documents/page/odpm_house_026955.hcsp.
590 ## - LOCAL NOTE (RLIN)
Local note WB
590 ## - LOCAL NOTE (RLIN)
Local note WB
650 ## - SUBJECT ADDED ENTRY--TOPICAL TERM
Topical term or geographic name entry element Affordable housing
9 (RLIN) 6215
650 ## - SUBJECT ADDED ENTRY--TOPICAL TERM
Topical term or geographic name entry element KEY WORKERS
650 ## - SUBJECT ADDED ENTRY--TOPICAL TERM
Topical term or geographic name entry element REGIONAL HOUSING BOARDS
690 ## - LOCAL SUBJECT ADDED ENTRY--TOPICAL TERM (OCLC, RLIN)
Topical term or geographic name as entry element HOUSING-SOCIAL HOUSING
942 ## - ADDED ENTRY ELEMENTS (KOHA)
Suppress in OPAC 0
Holdings
Withdrawn status Lost status Source of classification or shelving scheme Damaged status Not for loan Home library Current library Shelving location Date acquired Total Checkouts Full call number Barcode Date last seen Copy number Price effective from Koha item type
    Dewey Decimal Classification     London London News article 15/06/2004   WB4023-12 126478-1001 06/08/2019 1 06/08/2019 News article